Experimental Organic Chemistry : Standard and Microscale

Guardado en:
Detalles Bibliográficos
Autores principales: Harwood, Laurence M. (Autor), Moody, Christopher J. (Autor), Percy, Jonathan M. (Autor)
Formato: Libro
Lenguaje:inglés
Publicado: Oxford : Blackwell Science, 1999
Edición:2nd Edition
Etiquetas: Agregar Etiqueta
Sin Etiquetas, Sea el primero en etiquetar este registro!

MARC

LEADER 00000nam a22000003a 4500
001 stu49811
005 20150617225709.2
008 990531s1999------------------------eng-d
020 |a 0-632-04819-0 
040 |a STU  |b slo 
041 0 |a eng 
080 |a 541.1 
100 1 |a Harwood, Laurence M.  |4 aut 
245 1 |a Experimental Organic Chemistry :  |b Standard and Microscale 
250 |a 2nd Edition 
260 |a Oxford :  |b Blackwell Science,  |c 1999 
300 |a 716 s 
500 |a Obr.,tab.,grafy,index 
700 1 |a Moody, Christopher J.  |4 aut 
700 1 |a Percy, Jonathan M.  |4 aut 
996 |b C95797  |c C*95797  |l CCIV  |s P  |a 0  |w stu49811_0001